Libro de varios sonetos, romances, cartas y décimas (Record no. 176813)
[ view plain ]
| 000 -LEADER | |
|---|---|
| campo de control de longitud fija | 00909nam a22002295i 4500 |
| 001 - NÚMERO DE CONTROL | |
| campo de control | 176813 |
| 003 - IDENTIFICADOR DE NÚMERO DE CONTROL | |
| campo de control | ES-MaACL |
| 005 - FECHA Y HORA DE LA ÚLTIMA TRANSACCIÓN | |
| campo de control | 20251009181747.0 |
| 008 - DATOS DE LONGITUD FIJA--INFORMACIÓN GENERAL | |
| campo de control de longitud fija | 110211s1955 sp |||| | spa d |
| 080 ## - NÚMERO DE LA CLASIFICACIÓN DECIMAL UNIVERSAL | |
| Número de la Clasificación Decimal Universal | 821.134.2 |
| 080 ## - NÚMERO DE LA CLASIFICACIÓN DECIMAL UNIVERSAL | |
| Número de la Clasificación Decimal Universal | 002 |
| 100 1# - ENTRADA PRINCIPAL--NOMBRE DE PERSONA | |
| Nombre de persona | Melo, Antonio de. |
| 9 (RLIN) | 145158 |
| 245 10 - MENCIÓN DEL TÍTULO | |
| Título | Libro de varios sonetos, romances, cartas y décimas |
| Resto del título | : con los proverbios de Barros (Módena, 1603) / |
| Mención de responsabilidad, etc. | Antonio de Melo ; [introducción bibliográfica por Antonio Pérez Gómez]. |
| 260 ## - PUBLICACIÓN, DISTRIBUCIÓN, ETC. | |
| Lugar de publicación, distribución, etc. | Valencia : |
| Nombre del editor, distribuidor, etc. | La fonte que mana y corre, |
| Fecha de publicación, distribución, etc. | 1955. |
| 300 ## - DESCRIPCIÓN FÍSICA | |
| Extensión | XV, 124 p. ; |
| Dimensiones | 18 cm. |
| 490 1# - MENCIÓN DE SERIE | |
| Mención de serie | Duque y marqués : opúsculos literarios rarísimos ; |
| Designación de volumen o secuencia | 7 |
| 500 ## - NOTA GENERAL | |
| Nota general | Rproducción facs. de la port. |
| 700 0# - ENTRADA AGREGADA--NOMBRE PERSONAL | |
| Nombre de persona | Pérez y Gómez, Antonio, |
| Fechas asociadas al nombre | 1902-1976 |
| 9 (RLIN) | 91216 |
| 830 0# - PUNTO DE ACCESO ADICIONAL DE SERIE-TÍTULO UNIFORME | |
| Título uniforme | Duque y marqués : opúsculos literarios rarísimos ; |
| Designación de volumen o secuencia | 7 |
| 9 (RLIN) | 190262 |
| 852 ## - LOCALIZACIÓN | |
| Ubicación | ES-MaACL |
| Número de control de estantería | E-14294 |
| Encuadernación | Olim P-292 |
| Estatus retirado | Estado de pérdida | Estado de daño | No para préstamo | Biblioteca de origen | Biblioteca actual | Ubicación en estantería | Fecha de adquisición | Fuente de adquisición | Total de préstamos | Signatura topográfica completa | Código de barras | Visto por última vez | Precio de reemplazo | Tipo de ítem Koha |
|---|---|---|---|---|---|---|---|---|---|---|---|---|---|---|
| Biblioteca del Ateneo de Madrid | Biblioteca del Ateneo de Madrid | Depósito 2 | 11/02/2011 | E-14294 | 1185705 | 23/02/2023 | 23/02/2023 | Libro impreso |
